| 000 | 01187cam a2200289 4500 | ||
|---|---|---|---|
| 999 |
_c18792 _d18792 |
||
| 005 | 20191015112527.0 | ||
| 008 | 110729s2010 ck ad r 000 0 spa d | ||
| 020 | _a9789589934029 | ||
| 040 |
_aCO-BoPUJ _cCO-BoIAVH _dCO-BoIAVH |
||
| 041 | 0 | _aspa | |
| 044 | _ack | ||
| 082 | 0 | 4 |
_a346.048 _bV18p |
| 100 | 1 |
_aVallejo Trujillo, Florelia _d1975- _eautora |
|
| 245 | 1 | 3 |
_aLa protección del conocimiento tradicional en Colombia / _cFlorelia Vallejo Trujillo |
| 250 | _aPrimera edición | ||
| 260 |
_aBogotá : _bUniversidad Nacional de Colombia, _c2010. |
||
| 300 |
_a128 páginas : _bilustraciones y tablas ; _c24 x 17 cm. |
||
| 490 | 0 |
_aSeries PLEBIO. _aDocumentos de investigación ; _v6 |
|
| 500 | _aIncluye índice. | ||
| 504 | _aIncluye referencias bibliográficas: páginas 119-128. | ||
| 650 | 0 |
_aConservación de la biodiversidad _xLey y legislación _zLeyes y legislación _yColombia |
|
| 650 | 2 | 6 |
_aCultura tradicional _xAspectos jurídicos _zColombia |
| 650 | 2 | 4 | _aPropiedad intangible |
| 650 | 2 | 4 |
_aProtección del patrimonio cultural _xAspectos jurídicos _zColombia |
| 650 | 2 | 6 | _aPropiedad intelectual |
| 942 |
_2ddc _cLIBRO _01 |
||